Moderní spůsoby vytápění bytů plynem

Bibliographic Details
Main Authors: Hrádek, Václav (Author), Merta, Oldřich (Author)
Format: Book
Language:Czech
PhysicalDescription:146 s. grafy, ilustr., sch., tab. 20 cm
Published: Praha Státní nakladatelství technické literatury 1963
Edition:1. vyd.
Series:Řada hutnické literatury
Subjects:

MARC

LEADER 00000nam a2200000 a 4500
001 vtls009529372
003 SK-MaSNL
005 20260301082300.0
008 240318s1963 xr dal f f 000 0 cze
040 |a SNK  |b slo  |c SNK  |e AACR2 
041 0 |a cze 
044 |a xr  |c CZ 
072 7 |a 697  |x Vykurovanie, vetranie, klimatizácia  |2 konspekt 
080 |a 643  |2 2001 
080 |a 697:662.76  |2 2001 
080 |a (035)  |2 2001 
100 1 |a Hrádek, Václav  |4 aut  |9 406939 
245 1 0 |a Moderní spůsoby vytápění bytů plynem  |c Václav Hrádek, Oldřich Merta 
250 |a 1. vyd. 
260 |a Praha  |b Státní nakladatelství technické literatury  |c 1963 
300 |a 146 s.  |b grafy, ilustr., sch., tab.  |c 20 cm 
366 |e 4215 výt. 
490 1 |a Řada hutnické literatury 
504 |a Bibliogr. s. 145-146 
521 |a Pre projektantov vykurovacích zariadení, pracovníkov plynární, komunálnych služieb a národných výborov 
650 0 7 |a byty  |2 SNKPH  |9 3905 
650 0 7 |a plynové vykurovaniie  |2 SNKPH  |9 406940 
655 7 |a príručky  |2 SNKPH  |9 74364 
700 1 |a Merta, Oldřich  |4 aut  |9 406941 
830 0 |a Řada hutnické literatury  |9 322044 
958 |a OND 
999 |c 658136  |d 660066 
952 |a SNK  |b SNK  |y NEVYP  |7 0  |p 17A0592477  |o snkID 35237 D1  |i snkKIP 9022/63  |0 0  |1 1  |4 0  |d 2009-07-13  |l 0  |r 2026-02-23 18:44:14  |w 2026-02-23 
952 |a SNK  |b SNK  |y VYP  |7 0  |p 17A0621795  |o snkID 35237  |i snkKIP 9021/63  |0 0  |1 0  |4 0  |d 2009-06-24  |l 0  |r 2026-02-23 18:44:14  |w 2026-02-23